| Tag |
First Indicator |
Second Indicator |
Subfields |
| LEADER |
00000cam a2200000 a 4500 |
| 001 |
in00001517621 |
| 005 |
20151021105234.0 |
| 008 |
990623s1999 onc b 001 1 eng d |
| 010 |
|
|
|a cn 99931720
|
| 015 |
|
|
|a C99-931720-2
|
| 020 |
|
|
|a 0195414268 :
|c $39.95
|
| 029 |
0 |
|
|a NLC
|b 999317202
|
| 035 |
|
|
|a (OCoLC)41978544
|
| 035 |
|
|
|9 AJL4593AM
|
| 040 |
|
|
|a CaOTU
|b eng
|c NLC
|d TXA
|d UtOrBLW
|
| 043 |
|
|
|a n-cn---
|
| 049 |
|
|
|a TXAM
|
| 055 |
0 |
1 |
|a PS8321
|
| 055 |
0 |
0 |
|a PS8321
|b O936 1999
|
| 082 |
0 |
|
|a C813/.01089287
|2 21
|
| 090 |
|
|
|a PR9197.33.W65
|b O94 1999
|
| 245 |
0 |
4 |
|a The Oxford book of stories by Canadian women in English /
|c edited by Rosemary Sullivan.
|
| 246 |
3 |
0 |
|a Stories by Canadian women
|
| 264 |
|
1 |
|a Don Mills, Ont. :
|b Oxford University Press,
|c 1999.
|
| 300 |
|
|
|a xv, 592 pages ;
|c 24 cm.
|
| 336 |
|
|
|a text
|b txt
|2 rdacontent
|
| 337 |
|
|
|a unmediated
|b n
|2 rdamedia
|
| 338 |
|
|
|a volume
|b nc
|2 rdacarrier
|
| 504 |
|
|
|a Includes bibliographical references and index.
|
| 650 |
|
0 |
|a Short stories, Canadian
|x Women authors
|y 20th century.
|
| 650 |
|
0 |
|a Canadian fiction
|x Women authors.
|
| 650 |
|
5 |
|a Short stories, Canadian (English)
|x Women authors.
|
| 650 |
|
6 |
|a Nouvelles canadiennes-anglaises.
|
| 650 |
|
6 |
|a Écrits de femmes canadiens-anglais.
|
| 700 |
1 |
|
|a Sullivan, Rosemary,
|d 1947-
|
| 994 |
|
|
|a E0
|b TXA
|
| 948 |
|
|
|a cataloged
|b h
|c 2000/4/5
|d c
|e rdavis
|f 10:55:22 am
|
| 999 |
|
|
|a MARS
|
| 999 |
f |
f |
|s d4fde82e-f895-3c96-92d7-5c597e6c98ef
|i a504f223-cbea-3d43-a865-82955fb09eec
|t 0
|
| 952 |
f |
f |
|p normal
|a Texas A&M University
|b College Station
|c Sterling C. Evans Library
|d Evans: Library Stacks
|t 0
|e PR9197.33.W65 O94 1999
|h Library of Congress classification
|i unmediated -- volume
|m A14825575996
|
| 998 |
f |
f |
|a PR9197.33.W65 O94 1999
|t 0
|l Evans: Library Stacks
|